000 00367pab a2200145 454500
008 180718b2001 xxu||||| |||| 00| 0 eng d
100 _aAnita, Noshir H.
245 _aHealth security for all: case for an alternative strategy
260 _c2001
300 _ap.28-39
362 _aJul-Sep
650 _aHealth services
773 _aWorld Affairs
909 _a50564
999 _c50564
_d50564